| 000 | 01778nam a2200253Ia 4500 | ||
|---|---|---|---|
| 008 | 260220t2001||||xx |||||||||||||| ||spa|| | ||
| 020 | _a9505375352 | ||
| 040 |
_aPY-SlUNAC _bspa _erda |
||
| 041 | _aspa | ||
| 082 |
_a515 _bAn14a |
||
| 245 | 0 |
_aAnálisis matemático : _bcon aplicaciones a las ciencias económicas |
|
| 264 |
_aBuenos Aires : _bMacchi, _c℗2001. |
||
| 300 | _a1 volumen | ||
| 490 |
_a _vvolumen 1 |
||
| 520 | _a"Análisis matemático: con aplicaciones a las ciencias económicas" es una obra que aborda los fundamentos del análisis matemático y su relevancia en el ámbito de las ciencias económicas. El libro se estructura en diversos capítulos que presentan conceptos esenciales como límites, continuidad, derivadas e integrales, proporcionando una base sólida para la comprensión de métodos matemáticos. A lo largo del texto, se incluyen aplicaciones prácticas que ilustran cómo las técnicas analíticas pueden ser empleadas para resolver problemas económicos, como la optimización de recursos y el análisis de costos. Además, el autor enfatiza la importancia del razonamiento lógico y la modelización matemática en la toma de decisiones económicas. Con un enfoque pedagógico, se ofrecen ejemplos y ejercicios que permiten al lector consolidar su aprendizaje. En suma, esta obra se presenta como una herramienta valiosa para estudiantes y profesionales que buscan integrar el análisis matemático en sus estudios y prácticas dentro del ámbito económico. | ||
| 653 | _aAnálisis matemático | ||
| 653 | _aCiencias económicas | ||
| 653 | _aMatemáticas | ||
| 942 |
_b2026/02/17 _cBK |
||
| 999 |
_c7526 _d7526 |
||